000 00897nam a2200217Ii 4500
003 JO-AjNU
008 230605s9999||||xx |||||||||||||| ||und||
017 _a81/4355
040 _aJO-AjNU
_bara
_erda
_cJO-AjNU
041 _aara
050 1 4 _aBP173.25.F3854 1982
100 3 _aالفوال، صلاح مصطفى,
_eauthor
_917531
245 0 0 _aالمقدمة لعلم الإجتماع العربي والإسلامي: التاريخ النظري لعلم الإجتماع، الكتاب الثاني
264 3 1 _aالقاهرة: دار الفكر العربي، 1982
300 _aالكتاب الثاني، 220ص
336 _atext
_btxt
_2rdacontent
337 _aunmediated
_bn
_2rdamedia
338 _avolume
_bnc
_2rdacarrier
490 0 _aسلسلة كتب الاجتماع والتنمية
650 4 _aعلم الاجتماع الاسلامي- الاسلام والمجتمع
_917532
999 _aA5432
_c9000
_d9000